000 00308nam a22001337a 4500
008 171219b xxu||||| |||| 00| 0 eng d
020 _a9781256439356
041 _aeng
080 _a37
100 _a46
101 _aEDU
245 _aGOOD REASONS WITH CONTEMPORARY ARGUMENTS
_cFAIGLEY,L
942 _2udc
_cBK
999 _c39181
_d39181